00267nam a2200097Ia 4500008004100000041000800041100001500049245002500064250001100089260006900100231129s2006 xx 000 0 und d aeng aP. Chandra aFinancial Management a6th ed aTata Mc Graw- Hill New DelhibTata Mc Graw- Hill New Delhic2006